| 000 | nam a22 7a 4500 | ||
|---|---|---|---|
| 999 |
_c128799 _d128799 |
||
| 008 | 190123b xxu||||| |||| 00| 0 eng d | ||
| 050 | _aSPC. DA142.A79 1960 | ||
| 100 |
_aAtkinson, Richard John Copland _944087 |
||
| 245 |
_aStonehenge _cR.J.C. Atkinson |
||
| 260 |
_aMiddlesex _bPenguin Books _c1960 |
||
| 300 |
_a212p. ; _c18cm. |
||
| 650 |
_aStonehege (England) _944088 |
||
| 942 |
_2lcc _cSPC |
||